000 00679nam a2200217Ia 4500
003 GCL
008 140319s9999 xx 000 0 ara d
040 _aGCL /
_cGCL
082 0 4 _a813.009
_bع ر
100 1 _aعبدالمحسن طه بدر
245 1 0 _aالرؤية والأداة نجيب محفوظ /
_cعبدالمحسن طه بدر
260 _aالقاهرة :
_bدار المعارف ،
_c1984
300 _a416 ص ؛
_c52سم
490 _a
650 0 4 _aالادب العربى
650 0 4 _aالنقد
650 0 4 _aالقصة
650 0 4 _aتاريخ ونقد
650 0 4 _aمصر - تاريخ - العصر الحديث (1805 - 1956 )
942 _2ddc
_cBK
999 _c27666
_d27666